000 03655cam a2200397 4500500
005 20260111094643.0
041 _afre
042 _adc
100 1 0 _aMeiss-Even, Marjorie
_eauthor
245 0 0 _aPortrait des Guise en « gentilz veneurs »
260 _c2012.
500 _a82
520 _aRésuméComme tous les Grands de la Renaissance, les Guise justifiaient leur passion de la chasse en affirmant la parenté de cette activité avec la guerre. Cet article propose de dépasser cette comparaison pour faire de la chasse l’un des moments-clés de l’exhibition de l’état de noblesse. Les rapprochements symboliques opérés entre les proies (cerfs et sangliers surtout), les animaux auxiliaires de la chasse et les veneurs explicitaient l’essence même de la noblesse. La chasse était aussi une mise en scène de la puissance passant par la gestion des forêts et des réserves de gibier, par l’appropriation des terres ducales lors des déplacements cynégétiques et par l’adoption d’une technique de chasse particulièrement dramatique (chasse aux toiles). Par le biais des tapisseries et de la musique, la chasse participait enfin à l’esthétisation du cadre de vie princier.
520 _aLike all members of the Renaissance high nobility, the Guise family justified its passion for hunting by pointing out the similarities this activity shared with war. The present paper aims at going beyond this comparison, by reconceptualizing hunting as a key element in the display of a noble status. The very essence of nobility was expressed by the symbolic connections made between preys, particularly deer and boar, animals used as hunting auxiliaries, and huntsmen. The hunt was also a stage on which nobles could display their might, manifested through the management of forests and hunting preserves, the appropriation of ducal land during gaming expeditions, and the choice of particularly spectacular hunting techniques such as netting. Last, hunting was a part of the aesthetics of the princely way of life through its representations on tapestries and in music.
520 _aResumenComo todos los Grandes del Renacimiento, los Guise justificaban su pasión por la caza al afirmar el parentesco de esta actividad con la guerra. Este artículo se propone superar esta comparación para hacer de la caza uno de los momentos-claves de la exhibición del estado de nobleza. Las aproximaciones simbólicas operadas entre las presas (sobre todo ciervos y jabalíes), los animales auxiliares de la caza y los monteros, aclaraban la esencia misma de la nobleza. La caza era también una puesta en escena del poder, pasando por la gestión de los bosques y de los cotos de caza, por la toma de posesión de las tierras ducales durante los desplazamientos cinegéticos y por la utilización de un modo de caza particularmente dramático (“caza a las telas”). Mediante tapicerías y música, la caza contribuía finalmente al embellecimiento del marco de la vida de estos príncipes.
690 _aanimal
690 _aarts
690 _achasse
690 _aculture
690 _aforêt
690 _aFrance
690 _aGuise
690 _anoblesse
690 _aXVIe siècle
690 _a16th century
690 _aanimals
690 _aarts
690 _aculture
690 _aforest
690 _aFrance
690 _aGuise
690 _ahunt
690 _anobility
786 0 _nHistoire & Sociétés Rurales | 38 | 2 | 2012-12-01 | p. 85-118 | 1254-728X
856 4 1 _uhttps://shs.cairn.info/revue-histoire-et-societes-rurales-2012-2-page-85?lang=fr&redirect-ssocas=7080
999 _c1629008
_d1629008